| 000 | 01445na a2200361 4500 | ||
|---|---|---|---|
| 999 |
_c5998 _d5998 |
||
| 001 | 21001 | ||
| 003 | MIRAKIL | ||
| 005 | 20200305111103.0 | ||
| 008 | 170130b tu 000 0 | ||
| 035 | _a21001 | ||
| 040 |
_aTR-AnCHP _btur _cTR-AnCHP |
||
| 041 | _atur | ||
| 082 |
_aCHP 347.04 _bÖ93 2012 |
||
| 090 | _aBROŞÜR 254 | ||
| 245 |
_aÖzel yetkili mahkemeler: _bBölge Ağır Ceza Mahkemeleri, _bNe değişti, ne değişmedi?/ _c[hazırlayan] CHP. |
||
| 246 | _aBölge Ağır Ceza Mahkemeleri | ||
| 246 | _aNe değişti, ne değişmedi? | ||
| 260 |
_aAnkara: _bCHP, _cEylül 2012. |
||
| 300 |
_a13 s.: _brnk. res., _c21 sm. |
||
| 440 |
_aCumhuriyet Halk Partisi yayınları _vRaporlar |
||
| 505 | _aÖze etkili mahkemeler nedir? - ÖYMlere ilişkin veriler - Teme değerlendirme - özel Yetkili Mahkemelerde görülen ortak kanun ihlalleri - Tabela değişti, ÖYM kaldı! 7 soruda ÖYM değişikliği | ||
| 650 |
_aCeza hukuku _zTürkiye |
||
| 650 |
_aÖzel yetkili mahkemeler (ÖYM) _zTürkiye |
||
| 650 |
_aMahkemeler _zTürkiye |
||
| 740 | _aTabela değişti, ÖYM kaldı! 7 soruda ÖYM değişikliği | ||
| 740 | _aÖze etkili mahkemeler nedir? | ||
| 740 | _aÖzel Yetkili Mahkemelerde görülen ortak kanun ihlalleri | ||
| 830 | _aCHP raporları | ||
| 856 | _zDijital Nüshası için Partimizin Kütüphane Sorumlusu ile iletişime geçiniz. | ||
| 942 |
_2ddc _cVIS |
||
| 999 | _d5998 | ||